01237nab a22002777a 4500999001500000003000400015005001700019008004100036040000700077100002800084245007600112260007200188300001200260500003900272505019500311505008900506650002600595650004200621650002900663650003000692650002400722650003600746650002500782773013900807942001300946 c5916d5916OSt20260114005715.0190605e xxu||||| |||| 00| 0 spa d cPJ 94584aMansilla, Alberto10aDNU 70/2023 :binconstitucionalidad y aplicación /cAlberto Mansilla. aCiudad Autónoma de Buenos Aires :bThomson Reuters La Ley,c2024. ap. 9-13 aCita: TR LALEY AR/DOC/3236/2023.  aSumario: I. La inconstitucionalidad de los DNU de doble indemnización y de prohibición de los despidos.— II. La inconstitucionalidad del DNU 70/2023.— III. Aplicación de la norma.  t¿Te interesa el texto completo? Solicitalo al correo: koha@justierradelfuego.gov.ar 091316aDERECHO LABORAL 09200aDECRETOS DE NECESIDAD Y URGENCIA 094597aCONSTITUCIONALIDAD 091323aCONTRATO DE TRABAJO 091382aINDEMNIZACION 091534aINDEMNIZACION POR DESPIDO 09761aPODER EJECUTIVO0 0271193168dCiudad Autónoma de Buenos Aires : Thomson Reuters La Ley, 1999-2002.tRevista de derecho del trabajo. Nº 1 - Enero 2024 2udccANA